000 00674nam a2200241Ia 4500
003 OSt
005 20220918202501.0
006 a|||||r|||| 00| 0
007 ta
008 220917b |||||||| |||| 00| 0 eng d
024 _a101,568
037 _cTextual
040 _aARTS
_cARTS
_beng
041 _2eng
_aeng
082 _aV2,3:2t, M1-;1
100 _aSrivastava M P
245 0 _aConstitutional and national development in India
_b Montagu Chelmsford report
260 _aNew Delhi
_bEss Ess Pub India
_c1981
300 _aviii,237p.
_ccm.
650 _aHISTORY
942 _hV2,3:2t, M1-;1
_cTEXL
_2CC
999 _c225049
_d225049